00381cam a2200157ua 45000010005000000080039000050400009000440410008000530820012000611000029000732450054001022500009001562600028001653000010001936530020002037283141205n ii |||gr||||Z||||||ben cMAIN aben a891.443 aMukhopadhya,S.,eEditor. aEk baksha bhootcEdited by Sirshendhu Mukhopadhya a1st. aCalcutta:bUnik,c1992. a932p. aBengali stories